00862nam a22001937a 4500999001700000005001700017010001300034020002300047035003300070037001300103100002000116245006300136260003400199300002500233942002400258952013200282952012600414952012800540 c63901d6390120181106172049.0 aB-168545 a0313324573c625.00 aB-168543, B-168544, B-168545 aDPLbENG aCordon, Luis A. aPopular psychology :bAn encyclopedia /cby Luis A. Cordon aLondonbGreenwood Pressc2005 axvii, 274p.c22 cms. 2ddccENh150.3mCOR 001040708NFICaZLSbZLSd2012-03-09g625.00l2o150.3 CORpB-168543r2021-03-22 00:00:00s2021-03-02v625.00w2012-03-09yEN 001040708NFICaBL4bBL4d2018-08-20eBPPD/PUBg0.00l0o150.3 CORpB-168544r2018-08-20 00:00:00v0.00w2018-08-20yEN 001040708NFICaYVbYVd2018-11-06eBPPD/PUBg625.00l0o150.3 CORpB-168545r2018-11-06 00:00:00v625.00w2018-11-06yEN